Becoming friends: (Record no. 287979)
[ view plain ]
| 000 -LEADER | |
|---|---|
| fixed length control field | 00572nam a2200157Ia 4500 |
| 008 - FIXED-LENGTH DATA ELEMENTS--GENERAL INFORMATION | |
| fixed length control field | 150610s9999 xx 000 0 und d |
| 020 ## - INTERNATIONAL STANDARD BOOK NUMBER | |
| International Standard Book Number | 1587430517 |
| 050 ## - LIBRARY OF CONGRESS CALL NUMBER | |
| Classification number | BV4817 |
| Item number | .W32 2002 |
| 100 ## - MAIN ENTRY--PERSONAL NAME | |
| Personal name | Wadell, Paul J. |
| 245 ## - TITLE STATEMENT | |
| Title | Becoming friends: |
| Remainder of title | worship, justice, and the practice of Christian friendship / |
| Statement of responsibility, etc | Paul J. Wadell. |
| 260 ## - PUBLICATION, DISTRIBUTION, ETC. (IMPRINT) | |
| Place of publication, distribution, etc | Quezon City, Philippines : |
| Name of publisher, distributor, etc | Claretians Publications, |
| Date of publication, distribution, etc | 2002. |
| 300 ## - PHYSICAL DESCRIPTION | |
| Extent | 186pages ; |
| Dimensions | 22 cm. |
| 520 ## - SUMMARY, ETC. | |
| Summary, etc | Worship and love. |
| 650 ## - SUBJECT ADDED ENTRY--TOPICAL TERM | |
| Topical term or geographic name as entry element | Christian life |
| General subdivision | Catholic authors. |
| 650 ## - SUBJECT ADDED ENTRY--TOPICAL TERM | |
| Topical term or geographic name as entry element | Friendship-Religious aspects |
| General subdivision | Christianity. |
| Withdrawn status | Lost status | Damaged status | Home library | Current library | Shelving location | Date acquired | Total Checkouts | Full call number | Barcode | Date last seen | Price effective from | Koha item type |
|---|---|---|---|---|---|---|---|---|---|---|---|---|
| Stonyhurst Southville International School (Batangas) | Stonyhurst Southville International School (Batangas) | High School Section | 06/10/2015 | BV4817 .W32 2002 | US-1785 | 06/10/2015 | Books |